| 000 | 00421nam a2200157 i 4500 | ||
|---|---|---|---|
| 001 | 91236 | ||
| 003 | ES-MaACL | ||
| 005 | 20230906180655.0 | ||
| 007 | t| | ||
| 008 | 050128s1969 sp ||||1| spa d | ||
| 100 | 1 |
_aLeoz, Rafael. _971710 |
|
| 245 | 1 | 0 |
_aRedes y ritmos espaciales / _cRafael Leoz. |
| 260 |
_aBarcelona : _bBlume, _c[1969] |
||
| 300 |
_a358 p., 37 lám. ; _c24 cm. |
||
| 852 |
_aES-MaACL _jC-37883 _bR.72185 |
||
| 999 |
_c91236 _d91236 |
||